| 000 | 00635nam a2200205 a 4500 | ||
|---|---|---|---|
| 001 | 000006363 | ||
| 005 | 20200929153924.0 | ||
| 008 | 090828s2002 dr a 000 0 spa d | ||
| 020 | _a9993461229 | ||
| 040 |
_aDO-SdBNP _bspa _cBNPHU |
||
| 082 |
_a388.3 _bS715c |
||
| 100 | 1 |
_aSosa, José Rafael _964 |
|
| 245 | 1 | 0 |
_aConducción en bondad / _cJosé Rafael Sosa ; corrección Delcy Rodríguez. |
| 260 |
_aSanto Domingo : _bBúho, _c2002. |
||
| 300 |
_a141 p. : _bil. ; _c22 cm. |
||
| 504 | _aIncluye bibliografías (p. 140-141) | ||
| 650 | 4 |
_aTránsito de vehículos _917709 |
|
| 700 | 1 |
_aRodríguez, Delcy, _ecorr. _96322 |
|
| 049 | _aBNPD | ||
| 999 |
_c6158 _d6158 |
||